| 000 | 01142cam a2200349 a 4500 | ||
|---|---|---|---|
| 001 | 000020114 | ||
| 003 | DO-SdBNP | ||
| 005 | 20151119112917.0 | ||
| 007 | 000020114 | ||
| 008 | 700702s1999 dr 000 d spa d | ||
| 020 | _a8481301515 | ||
| 040 |
_aBPMSU _bspa _cBPMSU |
||
| 092 |
_a822.33 _bS527r |
||
| 100 | 1 |
_aShakespeare, William, _d1564-1616 |
|
| 240 | 1 | 0 |
_aRomeo and Juliet. _lEspañol |
| 245 | 1 | 0 |
_aRomeo y Julieta / _cWilliam Shakespeare ; traducción de José María Valverde. |
| 260 |
_aMadrid : _bMilenium, _c1999. |
||
| 300 |
_a126 p. ; _c21 cm. |
||
| 490 | 1 |
_aMilenium. Las 100 joyas del milenio _v4 |
|
| 504 | _aIncluye notas al pie de las páginas. | ||
| 534 | _aTítulo original: Romeo and Juliet | ||
| 650 | 4 | _aTEATRO INGLÉS | |
| 650 | 4 | _aDRAMA INGLÉS | |
| 650 | 4 | _aLITERATURA INGLESA | |
| 700 | 1 | 2 |
_aValverde, José María, _etr. |
| 830 | 0 |
_aMilenium Las 100 joyas del milenio ; _n4 |
|
| 910 | _aValidado. Control de calidad MFF | ||
| 930 | 1 |
_lBND01 _mLF1 _h822.33 _820100721 _f04 _pHD |
|
| 942 |
_2ddc _cBK |
||
| 956 |
_aMFILETO _b40 _c20150423 _lBND01 _h1324 |
||
| 956 |
_aVMATEO _b10 _c20150505 _lBMET02 _h00151 |
||
| 999 |
_c8693 _d8693 |
||